Brudder Kinkhead's stump speeches and droll discourses. (Record no. 15056)

MARC details
000 -LEADER
fixed length control field 00637cam a22002051 4500
001 - CONTROL NUMBER
control field ca 17001256
003 - CONTROL NUMBER IDENTIFIER
control field DLC
005 - DATE AND TIME OF LATEST TRANSACTION
control field 20260227111103.0
008 - FIXED-LENGTH DATA ELEMENTS--GENERAL INFORMATION
fixed length control field 810918s1891 nyu 00010 eng
010 ## - LIBRARY OF CONGRESS CONTROL NUMBER
LC control number ca 17001256 //r963
040 ## - CATALOGING SOURCE
Original cataloging agency DLC
Transcribing agency DLC
Modifying agency DLC
050 00 - LIBRARY OF CONGRESS CALL NUMBER
Classification number PN6161
Item number .C66
082 00 - DEWEY DECIMAL CLASSIFICATION NUMBER
Classification number 818/.402
Edition number 19
100 10 - MAIN ENTRY--PERSONAL NAME
Personal name Cooper, George,
Dates associated with a name 1840-1927,
Relator term ed.
245 10 - TITLE STATEMENT
Title Brudder Kinkhead's stump speeches and droll discourses.
Statement of responsibility, etc. Comp. and arranged by George Cooper.
260 0# - PUBLICATION, DISTRIBUTION, ETC.
Place of publication, distribution, etc. New York,
Name of publisher, distributor, etc. H.J. Welman
Date of publication, distribution, etc. [1891]
300 ## - PHYSICAL DESCRIPTION
Extent 99 p.
Dimensions 18 cm.
650 #0 - SUBJECT ADDED ENTRY--TOPICAL TERM
Topical term or geographic name entry element Speeches, addresses, etc., American
General subdivision Humor.
650 #0 - SUBJECT ADDED ENTRY--TOPICAL TERM
Topical term or geographic name entry element American wit and humor.

No items available.

Powered by Koha